Online
Catalog

Salud y desarrollo humano : (Record no. 507)

MARC details
000 -CABECERA
campo de control de longitud fija 02017nam a2200289 a 4500
001 - NÚMERO DE CONTROL
campo de control 000000509
005 - FECHA Y HORA DE LA ÚLTIMA TRANSACCIÓN
campo de control 20250401130908.0
008 - DATOS DE LONGITUD FIJA--INFORMACIÓN GENERAL
campo de control de longitud fija 081031s2007 dr ab 001 0 spa d
020 ## - NÚMERO INTERNACIONAL ESTÁNDAR DEL LIBRO
Número Internacional Estándar del Libro 9945859552
040 ## - FUENTE DE LA CATALOGACIÓN
Centro catalogador/agencia de origen DO-SdBNP
Lengua de catalogación spa
Centro/agencia transcriptor BNPHU
082 ## - NÚMERO DE LA CLASIFICACIÓN DECIMAL DEWEY
Número de clasificación 362.1
Número de documento/Ítem F727s
111 2# - ENTRADA PRINCIPAL--NOMBRE DE CONGRESO/REUNIÓN
Nombre de congreso/reunión o jurisdicción como elemento de entrada Foro Sobre Desarrollo Humano
Número del congreso/reunión o número de parte o sección (4 :
Fecha del congreso/reunión 2007
Sede del congreso/Lugar de la reunión Santo Domingo)
9 (RLIN) 1681
245 10 - MENCIÓN DE TÍTULO
Título Salud y desarrollo humano :
Resto del título la desconcentración del sector salud, ¿mejorará el bienestar de las personas o será más de lo mismo? /
Mención de responsabilidad, etc. coordinación general Rosa Cañete Alonso, Manuel Robles ; revisión técnica Miguel Ceara-Hatton.
260 ## - PUBLICACIÓN, DISTRIBUCIÓN, ETC.
Lugar de publicación, distribución, etc. Santo Domingo :
Nombre del editor, distribuidor, etc. PNUD,
Fecha de publicación, distribución, etc. 2007.
300 ## - DESCRIPCIÓN FÍSICA
Extensión 205 p. :
Otras características físicas il. , map. ;
Dimensiones 23 cm.
590 ## - NOTA LOCAL (RLIN)
Nota local Inventariado, 2018/ YL
500 ## - NOTA GENERAL
Nota general Incluye índice de cuadros, gráficos y mapas
504 ## - NOTA DE BIBLIOGRAFÍA, ETC.
Nota de bibliografía, etc. Bibliografía: p. 189-197
505 0# - NOTA DE CONTENIDO CON FORMATO
Nota de contenido con formato Prólogo -- Introducción -- Salud y desarrollo humano -- Desarrollo local y salud: una contribución conceptual para la articulación de políticas públicas descentralizadas -- Proceso y desconcentración / descentralización del sector salud en República Dominicana. Visión oficial -- Salud y desarrollo humano: desconcentración y descentralización de salud, ¿soluciones o más de lo mismo?. Visión desde la sociedad civil -- Experiencia de desconcentración / descentralización en la región IV de salud -- Palenque: una experiencia de descentralización y desconcentración del sector salud -- Participación del público y respuestas de los/as expositores/ as -- Conclusión -- Notas -- Bibliografía -- Anexos.
650 #4 - PUNTO DE ACCESO ADICIONAL DE MATERIA--TÉRMINO DE MATERIA
Término de materia o nombre geográfico como elemento de entrada Salud pública
Subdivisión general República dominicana
Subdivisión de forma CONGRESOS, CONFERENCIAS, ETC.
9 (RLIN) 1682
651 #4 - PUNTO DE ACCESO ADICIONAL DE MATERIA--NOMBRE GEOGRÁFICO
Nombre geográfico República Dominicana
Subdivisión general Condiciones Sociales
Subdivisión de forma CONGRESOS, CONFERENCIAS, ETC.
9 (RLIN) 1683
700 12 - PUNTO DE ACCESO ADICIONAL--NOMBRE DE PERSONA
Nombre de persona Cañete Alonso, Rosa,
Término indicativo de función/relación coord.
9 (RLIN) 185
700 12 - PUNTO DE ACCESO ADICIONAL--NOMBRE DE PERSONA
Nombre de persona Robles, Manuel,
Término indicativo de función/relación coord.
9 (RLIN) 1684
700 12 - PUNTO DE ACCESO ADICIONAL--NOMBRE DE PERSONA
Nombre de persona Ceara-Hatton, Miguel
Término indicativo de función/relación rev. tec.
9 (RLIN) 1685
710 2# - PUNTO DE ACCESO ADICIONAL--NOMBRE DE ENTIDAD CORPORATIVA
Nombre de entidad corporativa o nombre de jurisdicción como elemento de entrada Programa de las Naciones Unidas para el Desarrollo
9 (RLIN) 187
910 ## - DATOS DE OPCIÓN DEL USUARIO (OCLC)
Datos de opción del usuario Validado. Control de calidad MFF
Holdings
Estado de retiro Estado de pérdida Restricciones de uso No para préstamo Código de colección Localización permanente Ubicación/localización actual Ubicación en estantería Fecha de adquisición Número de inventario Total de préstamos Signatura topográfica completa Código de barras Fecha visto por última vez Número de copia Precio válido a partir de Tipo de ítem Koha
    Préstamo restringido   Patrimonio Dominicano Biblioteca Nacional Pedro Henríquez Ureña Biblioteca Nacional Pedro Henríquez Ureña Depósito 27.01.2010 LF1   362.1 F727s 509-30 25.06.2020 e.3 25.06.2020 Libros y folletos
    Préstamo restringido   Patrimonio Dominicano Biblioteca Nacional Pedro Henríquez Ureña Biblioteca Nacional Pedro Henríquez Ureña Depósito 27.01.2010 LF1   362.1 F727s 509-40 25.06.2020 e.4 25.06.2020 Libros y folletos
    Préstamo restringido   Patrimonio Dominicano Biblioteca Nacional Pedro Henríquez Ureña Biblioteca Nacional Pedro Henríquez Ureña Depósito 27.01.2010 LF1   362.1 F727s 509-50 25.06.2020 e.5 25.06.2020 Libros y folletos
    Préstamo restringido Excluido de préstamo Patrimonio Dominicano Biblioteca Nacional Pedro Henríquez Ureña Biblioteca Nacional Pedro Henríquez Ureña Depósito 17.08.2009 LF1   362.1 F727s 509-10 25.06.2020   25.06.2020 Libros y folletos
    Préstamo restringido Excluido de préstamo Patrimonio Dominicano Biblioteca Nacional Pedro Henríquez Ureña Biblioteca Nacional Pedro Henríquez Ureña Depósito 27.01.2010 LF1   362.1 F727s 509-20 25.06.2020 e.2 25.06.2020 Libros y folletos

Powered by Koha